{"text_format":"3","workbook":"xlsx","n_sheets":6,"sheets":["表-04 单位工程招标控制价汇总表","表-08 分部分项工程和单价措施项目清单与计价表","表-09 综合单价分析表","表-11 总价措施项目清单与计价表","表-12 其他项目清单与计价汇总表","表-13 规费、税金项目清单与计价表"],"read":"whole","date_system":"1900"}

{"sheet":"表-04 单位工程招标控制价汇总表","index":0,"n_rows":38,"n_cols":6,"rows_kept":38,"merged":[[0,0,0,5],[1,0,1,3],[1,4,1,5],[2,2,2,4],[3,2,3,4],[4,2,4,4],[5,2,5,4],[6,2,6,4],[7,2,7,4],[8,2,8,4],[9,2,9,4],[10,2,10,4],[11,2,11,4],[12,2,12,4],[13,2,13,4],[14,2,14,4],[15,2,15,4],[16,2,16,4],[17,2,17,4],[18,2,18,4],[19,2,19,4],[20,2,20,4],[21,2,21,4],[22,2,22,4],[23,2,23,4],[24,2,24,4],[25,2,25,4],[26,2,26,4],[27,2,27,4],[28,2,28,4],[29,2,29,4],[30,2,30,4],[31,2,31,4],[32,2,32,4],[33,2,33,4],[34,2,34,4],[35,2,35,4],[36,2,36,4],[37,0,37,1],[37,2,37,4]]}
["单位工程预算价汇总表"]
["工程名称：南村镇雅居乐小学围墙加高改造工程总预算(含其他费用及预备费)",{"$nulls":3},"第 1 页  共 1 页"]
["序号","汇总内容","金额:(元)",null,null,"其中：暂估价(元)"]
["1","分部分项合计","149291.37"]
["2","措施合计","9254.64"]
["2.1","绿色施工安全防护措施费","9254.64"]
["2.2","其他措施费"]
["3","其他项目","3185.93",null,null,"－"]
["3.1","暂列金额"]
["3.2","暂估价"]
["3.3","计日工"]
["3.4","总承包服务费"]
["3.5","预算包干费","3185.93"]
["3.6","工程优质费"]
["3.7","概算幅度差"]
["3.8","索赔费用"]
["3.9","现场签证费用"]
["3.10","其他费用"]
["4","税前工程造价","161731.94"]
["5","增值税销项税额","14555.87",null,null,"－"]
["6","总造价","176287.81"]
["7","人工费","38055.45"]
{"$rows_empty":15}
["预算价合计=1+2+3+4+5",null,"176,287.81",null,null,"0.00"]

{"sheet":"表-08 分部分项工程和单价措施项目清单与计价表","index":1,"n_rows":50,"n_cols":11,"rows_kept":50,"merged":[[0,0,0,10],[1,0,1,7],[1,8,1,10],[2,0,4,0],[2,1,4,1],[2,2,4,2],[2,3,4,4],[2,5,4,5],[2,6,4,6],[2,7,2,10],[3,7,4,8],[3,9,4,9],[5,3,5,4],[5,7,5,8],[6,3,6,4],[6,7,6,8],[7,3,7,4],[7,7,7,8],[8,3,8,4],[8,7,8,8],[9,3,9,4],[9,7,9,8],[10,3,10,4],[10,7,10,8],[11,3,11,4],[11,7,11,8],[12,3,12,4],[12,7,12,8],[13,3,13,4],[13,7,13,8],[14,0,14,8],[15,0,15,10],[16,0,16,7],[16,8,16,10],[17,0,19,0],[17,1,19,1],[17,2,19,2],[17,3,19,4],[17,5,19,5],[17,6,19,6],[17,7,17,10],[18,7,19,8],[18,9,19,9],[20,3,20,4],[20,7,20,8],[21,3,21,4],[21,7,21,8],[22,3,22,4],[22,7,22,8],[23,3,23,4],[23,7,23,8],[24,3,24,4],[24,7,24,8],[25,3,25,4],[25,7,25,8],[26,3,26,4],[26,7,26,8],[27,3,27,4],[27,7,27,8],[28,3,28,4],[28,7,28,8],[29,3,29,4],[29,7,29,8],[30,3,30,4],[30,7,30,8],[31,3,31,4],[31,7,31,8],[32,3,32,4],[32,7,32,8],[33,3,33,4],[33,7,33,8],[34,3,34,4],[34,7,34,8],[35,3,35,4],[35,7,35,8],[36,3,36,4],[36,7,36,8],[37,3,37,4],[37,7,37,8],[38,3,38,4],[38,7,38,8],[39,3,39,4],[39,7,39,8],[40,3,40,4],[40,7,40,8],[41,3,41,4],[41,7,41,8],[42,3,42,4],[42,7,42,8],[43,3,43,4],[43,7,43,8],[44,3,44,4],[44,7,44,8],[45,3,45,4],[45,7,45,8],[46,3,46,4],[46,7,46,8],[47,3,47,4],[47,7,47,8],[48,0,48,8],[49,0,49,8]]}
["分部分项工程和单价措施项目清单与计价表"]
["工程名称：南村镇雅居乐小学围墙加高改造工程总预算(含其他费用及预备费)",{"$nulls":7},"第 1 页  共 2 页"]
["序号","项目编码","项目名称","项目特征描述",null,"计量单位","工程量","金额（元）"]
[{"$nulls":7},"综合单价",null,"综合合价","其中"]
[{"$nulls":10},"暂估价"]
[null,null,"整个项目",{"$nulls":6},149291.37]
[1,"011609001001","栏杆拆除","1.拆除栏杆",null,"m",128.44,28.56,null,3668.25]
[2,"010103002001","余方弃置","1.废弃料品种:拆除废料\n2.运距:15KM",null,"m3",2.92,111.95,null,326.89]
[3,"011503001004","金属扶手、栏杆、栏板","1.部位:A段围墙，起点A至节点B\n2.材质:1.2厚25X25 Q235B方管\n3.2厚100X100 Q235B方管\n4.高度:750\n5.喷灰色防锈漆 二遍",null,"m",82,221.33,null,18149.06]
[4,"011503001010","金属扶手、栏杆、栏板","1.部位:A段围墙，节点B至终点D\n2.材质:1.2厚25X25 Q235B方管\n3.2厚100X100 Q235B方管\n4.高度:710-890\n5.喷灰色防锈漆 二遍",null,"m",309,177.94,null,54983.46]
[5,"011503001005","金属扶手、栏杆、栏板","1.部位:C段围墙\n2.材质:1.2厚25X25 Q235B方管\n3.2厚100X100 Q235B方管\n4.高度:820\n5.喷灰色防锈漆 二遍",null,"m",65.6,211.8,null,13894.08]
[6,"011503001006","金属扶手、栏杆、栏板","1.部位:E段围墙（大样B做法）\n2.材质:1.2厚25X25 Q235B方管\n3.高度:890\n4.喷灰色防锈漆 二遍",null,"m",31.8,180.27,null,5732.59]
[7,"011503001011","金属扶手、栏杆、栏板","1.部位:B、D段围墙\n2.材质:1.2厚25X25 Q235B方管\n3.高度:710-890\n4.喷灰色防锈漆 二遍",null,"m",175,177.94,null,31139.5]
[8,"011507001001","金属装饰构件","1.面层:1.4厚铸铁冲孔板喷户外白色漆\n2.装饰线:1.2厚30X30铸铁钢板喷红色户外漆\n3.骨架:1.0厚15X15铸铁钢管（防锈处理）\n4.规格:1350*710*400",null,"个",5,694.36,null,3471.8]
["本页小计",{"$nulls":8},131365.63]
["分部分项工程和单价措施项目清单与计价表"]
["工程名称：南村镇雅居乐小学围墙加高改造工程总预算(含其他费用及预备费)",{"$nulls":7},"第 2 页  共 2 页"]
["序号","项目编码","项目名称","项目特征描述",null,"计量单位","工程量","金额（元）"]
[{"$nulls":7},"综合单价",null,"综合合价","其中"]
[{"$nulls":10},"暂估价"]
[9,"040901008001","植筋","1.部位:栏栅跨柱位时栏栅立杆埋入柱内50mm深\n2.材料规格:DN25",null,"根",280,45.2,null,12656]
[10,"010802001001","金属(塑钢)门","1.材质:不锈钢管为304不锈钢管，外喷灰色氟碳漆",null,"m2",9.28,550,null,5104]
[11,"011610002001","金属门窗拆除","1.拆除原有大门",null,"m2",9.28,17.86,null,165.74]
[null,null,"措施项目",{"$nulls":6},3337.91]
[12,"粤011701012001","活动脚手架",null,null,"m2",1545.33,2.16,null,3337.91]
{"$rows_empty":23}
["本页小计",{"$nulls":8},21263.65]
["合   计",{"$nulls":8},152629.28]

{"sheet":"表-09 综合单价分析表","index":2,"n_rows":256,"n_cols":14,"rows_kept":256,"merged":[[0,0,0,13],[1,0,1,7],[1,8,1,9],[1,10,1,13],[2,0,2,1],[2,2,2,3],[2,5,2,8],[2,9,2,10],[2,13,2,13],[3,0,3,13],[4,0,5,0],[4,1,5,1],[4,2,5,2],[4,3,5,3],[4,4,4,8],[4,9,4,13],[5,7,5,8],[5,9,5,10],[5,13,5,13],[6,7,6,8],[6,9,6,10],[6,13,6,13],[7,0,7,1],[7,2,7,8],[7,9,7,10],[7,13,7,13],[8,0,8,1],[8,2,8,8],[8,9,8,13],[9,0,9,8],[9,9,9,13],[10,0,10,0],[10,1,10,5],[10,7,10,8],[10,9,10,10],[10,13,10,13],[11,0,11,0],[11,1,11,5],[11,7,11,8],[11,9,11,10],[11,13,11,13],[12,0,12,0],[12,1,12,5],[12,7,12,8],[12,9,12,10],[12,13,12,13],[13,0,13,0],[13,1,13,5],[13,7,13,8],[13,9,13,10],[13,13,13,13],[14,0,14,0],[14,1,14,5],[14,7,14,8],[14,9,14,10],[14,13,14,13],[15,0,15,0],[15,1,15,5],[15,7,15,8],[15,9,15,10],[15,13,15,13],[16,0,16,0],[16,1,16,5],[16,7,16,8],[16,9,16,10],[16,13,16,13],[17,0,17,0],[17,1,17,5],[17,7,17,8],[17,9,17,10],[17,13,17,13],[18,0,18,0],[18,1,18,5],[18,7,18,8],[18,9,18,10],[18,13,18,13],[19,0,19,0],[19,1,19,5],[19,7,19,8],[19,9,19,10],[19,13,19,13],[20,0,20,0],[20,1,20,5],[20,7,20,8],[20,9,20,10],[20,13,20,13],[21,0,21,0],[21,1,21,5],[21,7,21,8],[21,9,21,10],[21,13,21,13],[22,0,22,13],[23,0,23,7],[23,8,23,9],[23,10,23,13],[24,0,24,1],[24,2,24,3],[24,5,24,8],[24,9,24,10],[24,13,24,13],[25,0,25,13],[26,0,27,0],[26,1,27,1],[26,2,27,2],[26,3,27,3],[26,4,26,8],[26,9,26,13],[27,7,27,8],[27,9,27,10],[27,13,27,13],[28,7,28,8],[28,9,28,10],[28,13,28,13],[29,0,29,1],[29,2,29,8],[29,9,29,10],[29,13,29,13],[30,0,30,1],[30,2,30,8],[30,9,30,13],[31,0,31,8],[31,9,31,13],[32,0,32,0],[32,1,32,5],[32,7,32,8],[32,9,32,10],[32,13,32,13],[33,0,33,0],[33,1,33,5],[33,7,33,8],[33,9,33,10],[33,13,33,13],[34,0,34,0],[34,1,34,5],[34,7,34,8],[34,9,34,10],[34,13,34,13],[35,0,35,0],[35,1,35,5],[35,7,35,8],[35,9,35,10],[35,13,35,13],[36,0,36,0],[36,1,36,5],[36,7,36,8],[36,9,36,10],[36,13,36,13],[37,0,37,0],[37,1,37,5],[37,7,37,8],[37,9,37,10],[37,13,37,13],[38,0,38,0],[38,1,38,5],[38,7,38,8],[38,9,38,10],[38,13,38,13],[39,0,39,0],[39,1,39,5],[39,7,39,8],[39,9,39,10],[39,13,39,13],[40,0,40,0],[40,1,40,5],[40,7,40,8],[40,9,40,10],[40,13,40,13],[41,0,41,0],[41,1,41,5],[41,7,41,8],[41,9,41,10],[41,13,41,13],[42,0,42,13],[43,0,43,7],[43,8,43,9],[43,10,43,13],[44,0,44,1],[44,2,44,3],[44,5,44,8],[44,9,44,10],[44,13,44,13],[45,0,45,13],[46,0,47,0],[46,1,47,1],[46,2,47,2],[46,3,47,3],[46,4,46,8],[46,9,46,13],[47,7,47,8],[47,9,47,10],[47,13,47,13],[48,7,48,8],[48,9,48,10],[48,13,48,13],[49,7,49,8],[49,9,49,10],[49,13,49,13],[50,0,50,1],[50,2,50,8],[50,9,50,10],[50,13,50,13],[51,0,51,1],[51,2,51,8],[51,9,51,13],[52,0,52,8],[52,9,52,13],[53,0,55,0],[53,1,53,5],[53,7,53,8],[53,9,53,10],[53,13,53,13],[54,1,54,8],[54,9,54,10],[54,13,54,13],[55,1,55,8],[55,9,55,10],[55,13,55,13],[56,0,56,0],[56,1,56,5],[56,7,56,8],[56,9,56,10],[56,13,56,13],[57,0,57,0],[57,1,57,5],[57,7,57,8],[57,9,57,10],[57,13,57,13],[58,0,58,0],[58,1,58,5],[58,7,58,8],[58,9,58,10],[58,13,58,13],[59,0,59,0],[59,1,59,5],[59,7,59,8],[59,9,59,10],[59,13,59,13],[60,0,60,0],[60,1,60,5],[60,7,60,8],[60,9,60,10],[60,13,60,13],[61,0,61,0],[61,1,61,5],[61,7,61,8],[61,9,61,10],[61,13,61,13],[62,0,62,0],[62,1,62,5],[62,7,62,8],[62,9,62,10],[62,13,62,13],[63,0,63,0],[63,1,63,5],[63,7,63,8],[63,9,63,10],[63,13,63,13],[64,0,64,0],[64,1,64,5],[64,7,64,8],[64,9,64,10],[64,13,64,13],[65,0,65,13],[66,0,66,7],[66,8,66,9],[66,10,66,13],[67,0,67,1],[67,2,67,3],[67,5,67,8],[67,9,67,10],[67,13,67,13],[68,0,68,13],[69,0,70,0],[69,1,70,1],[69,2,70,2],[69,3,70,3],[69,4,69,8],[69,9,69,13],[70,7,70,8],[70,9,70,10],[70,13,70,13],[71,7,71,8],[71,9,71,10],[71,13,71,13],[72,7,72,8],[72,9,72,10],[72,13,72,13],[73,0,73,1],[73,2,73,8],[73,9,73,10],[73,13,73,13],[74,0,74,1],[74,2,74,8],[74,9,74,13],[75,0,75,8],[75,9,75,13],[76,0,78,0],[76,1,76,5],[76,7,76,8],[76,9,76,10],[76,13,76,13],[77,1,77,8],[77,9,77,10],[77,13,77,13],[78,1,78,8],[78,9,78,10],[78,13,78,13],[79,0,79,0],[79,1,79,5],[79,7,79,8],[79,9,79,10],[79,13,79,13],[80,0,80,0],[80,1,80,5],[80,7,80,8],[80,9,80,10],[80,13,80,13],[81,0,81,0],[81,1,81,5],[81,7,81,8],[81,9,81,10],[81,13,81,13],[82,0,82,0],[82,1,82,5],[82,7,82,8],[82,9,82,10],[82,13,82,13],[83,0,83,0],[83,1,83,5],[83,7,83,8],[83,9,83,10],[83,13,83,13],[84,0,84,0],[84,1,84,5],[84,7,84,8],[84,9,84,10],[84,13,84,13],[85,0,85,0],[85,1,85,5],[85,7,85,8],[85,9,85,10],[85,13,85,13],[86,0,86,0],[86,1,86,5],[86,7,86,8],[86,9,86,10],[86,13,86,13],[87,0,87,0],[87,1,87,5],[87,7,87,8],[87,9,87,10],[87,13,87,13],[88,0,88,13],[89,0,89,7],[89,8,89,9],[89,10,89,13],[90,0,90,1],[90,2,90,3],[90,5,90,8],[90,9,90,10],[90,13,90,13],[91,0,91,13],[92,0,93,0],[92,1,93,1],[92,2,93,2],[92,3,93,3],[92,4,92,8],[92,9,92,13],[93,7,93,8],[93,9,93,10],[93,13,93,13],[94,7,94,8],[94,9,94,10],[94,13,94,13],[95,7,95,8],[95,9,95,10],[95,13,95,13],[96,0,96,1],[96,2,96,8],[96,9,96,10],[96,13,96,13],[97,0,97,1],[97,2,97,8],[97,9,97,13],[98,0,98,8],[98,9,98,13],[99,0,101,0],[99,1,99,5],[99,7,99,8],[99,9,99,10],[99,13,99,13],[100,1,100,8],[100,9,100,10],[100,13,100,13],[101,1,101,8],[101,9,101,10],[101,13,101,13],[102,0,102,0],[102,1,102,5],[102,7,102,8],[102,9,102,10],[102,13,102,13],[103,0,103,0],[103,1,103,5],[103,7,103,8],[103,9,103,10],[103,13,103,13],[104,0,104,0],[104,1,104,5],[104,7,104,8],[104,9,104,10],[104,13,104,13],[105,0,105,0],[105,1,105,5],[105,7,105,8],[105,9,105,10],[105,13,105,13],[106,0,106,0],[106,1,106,5],[106,7,106,8],[106,9,106,10],[106,13,106,13],[107,0,107,0],[107,1,107,5],[107,7,107,8],[107,9,107,10],[107,13,107,13],[108,0,108,0],[108,1,108,5],[108,7,108,8],[108,9,108,10],[108,13,108,13],[109,0,109,0],[109,1,109,5],[109,7,109,8],[109,9,109,10],[109,13,109,13],[110,0,110,0],[110,1,110,5],[110,7,110,8],[110,9,110,10],[110,13,110,13],[111,0,111,13],[112,0,112,7],[112,8,112,9],[112,10,112,13],[113,0,113,1],[113,2,113,3],[113,5,113,8],[113,9,113,10],[113,13,113,13],[114,0,114,13],[115,0,116,0],[115,1,116,1],[115,2,116,2],[115,3,116,3],[115,4,115,8],[115,9,115,13],[116,7,116,8],[116,9,116,10],[116,13,116,13],[117,7,117,8],[117,9,117,10],[117,13,117,13],[118,7,118,8],[118,9,118,10],[118,13,118,13],[119,0,119,1],[119,2,119,8],[119,9,119,10],[119,13,119,13],[120,0,120,1],[120,2,120,8],[120,9,120,13],[121,0,121,8],[121,9,121,13],[122,0,124,0],[122,1,122,5],[122,7,122,8],[122,9,122,10],[122,13,122,13],[123,1,123,8],[123,9,123,10],[123,13,123,13],[124,1,124,8],[124,9,124,10],[124,13,124,13],[125,0,125,0],[125,1,125,5],[125,7,125,8],[125,9,125,10],[125,13,125,13],[126,0,126,0],[126,1,126,5],[126,7,126,8],[126,9,126,10],[126,13,126,13],[127,0,127,0],[127,1,127,5],[127,7,127,8],[127,9,127,10],[127,13,127,13],[128,0,128,0],[128,1,128,5],[128,7,128,8],[128,9,128,10],[128,13,128,13],[129,0,129,0],[129,1,129,5],[129,7,129,8],[129,9,129,10],[129,13,129,13],[130,0,130,0],[130,1,130,5],[130,7,130,8],[130,9,130,10],[130,13,130,13],[131,0,131,0],[131,1,131,5],[131,7,131,8],[131,9,131,10],[131,13,131,13],[132,0,132,0],[132,1,132,5],[132,7,132,8],[132,9,132,10],[132,13,132,13],[133,0,133,0],[133,1,133,5],[133,7,133,8],[133,9,133,10],[133,13,133,13],[134,0,134,13],[135,0,135,7],[135,8,135,9],[135,10,135,13],[136,0,136,1],[136,2,136,3],[136,5,136,8],[136,9,136,10],[136,13,136,13],[137,0,137,13],[138,0,139,0],[138,1,139,1],[138,2,139,2],[138,3,139,3],[138,4,138,8],[138,9,138,13],[139,7,139,8],[139,9,139,10],[139,13,139,13],[140,7,140,8],[140,9,140,10],[140,13,140,13],[141,7,141,8],[141,9,141,10],[141,13,141,13],[142,0,142,1],[142,2,142,8],[142,9,142,10],[142,13,142,13],[143,0,143,1],[143,2,143,8],[143,9,143,13],[144,0,144,8],[144,9,144,13],[145,0,147,0],[145,1,145,5],[145,7,145,8],[145,9,145,10],[145,13,145,13],[146,1,146,8],[146,9,146,10],[146,13,146,13],[147,1,147,8],[147,9,147,10],[147,13,147,13],[148,0,148,0],[148,1,148,5],[148,7,148,8],[148,9,148,10],[148,13,148,13],[149,0,149,0],[149,1,149,5],[149,7,149,8],[149,9,149,10],[149,13,149,13],[150,0,150,0],[150,1,150,5],[150,7,150,8],[150,9,150,10],[150,13,150,13],[151,0,151,0],[151,1,151,5],[151,7,151,8],[151,9,151,10],[151,13,151,13],[152,0,152,0],[152,1,152,5],[152,7,152,8],[152,9,152,10],[152,13,152,13],[153,0,153,0],[153,1,153,5],[153,7,153,8],[153,9,153,10],[153,13,153,13],[154,0,154,0],[154,1,154,5],[154,7,154,8],[154,9,154,10],[154,13,154,13],[155,0,155,0],[155,1,155,5],[155,7,155,8],[155,9,155,10],[155,13,155,13],[156,0,156,0],[156,1,156,5],[156,7,156,8],[156,9,156,10],[156,13,156,13],[157,0,157,13],[158,0,158,7],[158,8,158,9],[158,10,158,13],[159,0,159,1],[159,2,159,3],[159,5,159,8],[159,9,159,10],[159,13,159,13],[160,0,160,13],[161,0,162,0],[161,1,162,1],[161,2,162,2],[161,3,162,3],[161,4,161,8],[161,9,161,13],[162,7,162,8],[162,9,162,10],[162,13,162,13],[163,7,163,8],[163,9,163,10],[163,13,163,13],[164,7,164,8],[164,9,164,10],[164,13,164,13],[165,7,165,8],[165,9,165,10],[165,13,165,13],[166,7,166,8],[166,9,166,10],[166,13,166,13],[167,0,167,1],[167,2,167,8],[167,9,167,10],[167,13,167,13],[168,0,168,1],[168,2,168,8],[168,9,168,13],[169,0,169,8],[169,9,169,13],[170,0,172,0],[170,1,170,5],[170,7,170,8],[170,9,170,10],[170,13,170,13],[171,1,171,8],[171,9,171,10],[171,13,171,13],[172,1,172,8],[172,9,172,10],[172,13,172,13],[173,0,173,0],[173,1,173,5],[173,7,173,8],[173,9,173,10],[173,13,173,13],[174,0,174,0],[174,1,174,5],[174,7,174,8],[174,9,174,10],[174,13,174,13],[175,0,175,0],[175,1,175,5],[175,7,175,8],[175,9,175,10],[175,13,175,13],[176,0,176,0],[176,1,176,5],[176,7,176,8],[176,9,176,10],[176,13,176,13],[177,0,177,0],[177,1,177,5],[177,7,177,8],[177,9,177,10],[177,13,177,13],[178,0,178,13],[179,0,179,7],[179,8,179,9],[179,10,179,13],[180,0,180,1],[180,2,180,3],[180,5,180,8],[180,9,180,10],[180,13,180,13],[181,0,181,13],[182,0,183,0],[182,1,183,1],[182,2,183,2],[182,3,183,3],[182,4,182,8],[182,9,182,13],[183,7,183,8],[183,9,183,10],[183,13,183,13],[184,7,184,8],[184,9,184,10],[184,13,184,13],[185,0,185,1],[185,2,185,8],[185,9,185,10],[185,13,185,13],[186,0,186,1],[186,2,186,8],[186,9,186,13],[187,0,187,8],[187,9,187,13],[188,0,190,0],[188,1,188,5],[188,7,188,8],[188,9,188,10],[188,13,188,13],[189,1,189,8],[189,9,189,10],[189,13,189,13],[190,1,190,8],[190,9,190,10],[190,13,190,13],[191,0,191,0],[191,1,191,5],[191,7,191,8],[191,9,191,10],[191,13,191,13],[192,0,192,0],[192,1,192,5],[192,7,192,8],[192,9,192,10],[192,13,192,13],[193,0,193,0],[193,1,193,5],[193,7,193,8],[193,9,193,10],[193,13,193,13],[194,0,194,0],[194,1,194,5],[194,7,194,8],[194,9,194,10],[194,13,194,13],[195,0,195,0],[195,1,195,5],[195,7,195,8],[195,9,195,10],[195,13,195,13],[196,0,196,0],[196,1,196,5],[196,7,196,8],[196,9,196,10],[196,13,196,13],[197,0,197,0],[197,1,197,5],[197,7,197,8],[197,9,197,10],[197,13,197,13],[198,0,198,0],[198,1,198,5],[198,7,198,8],[198,9,198,10],[198,13,198,13],[199,0,199,0],[199,1,199,5],[199,7,199,8],[199,9,199,10],[199,13,199,13],[200,0,200,0],[200,1,200,5],[200,7,200,8],[200,9,200,10],[200,13,200,13],[201,0,201,0],[201,1,201,5],[201,7,201,8],[201,9,201,10],[201,13,201,13],[202,0,202,13],[203,0,203,7],[203,8,203,9],[203,10,203,13],[204,0,204,1],[204,2,204,3],[204,5,204,8],[204,9,204,10],[204,13,204,13],[205,0,205,13],[206,0,207,0],[206,1,207,1],[206,2,207,2],[206,3,207,3],[206,4,206,8],[206,9,206,13],[207,7,207,8],[207,9,207,10],[207,13,207,13],[208,7,208,8],[208,9,208,10],[208,13,208,13],[209,0,209,1],[209,2,209,8],[209,9,209,10],[209,13,209,13],[210,0,210,1],[210,2,210,8],[210,9,210,13],[211,0,211,8],[211,9,211,13],[212,0,214,0],[212,1,212,5],[212,7,212,8],[212,9,212,10],[212,13,212,13],[213,1,213,8],[213,9,213,10],[213,13,213,13],[214,1,214,8],[214,9,214,10],[214,13,214,13],[215,0,215,0],[215,1,215,5],[215,7,215,8],[215,9,215,10],[215,13,215,13],[216,0,216,0],[216,1,216,5],[216,7,216,8],[216,9,216,10],[216,13,216,13],[217,0,217,0],[217,1,217,5],[217,7,217,8],[217,9,217,10],[217,13,217,13],[218,0,218,0],[218,1,218,5],[218,7,218,8],[218,9,218,10],[218,13,218,13],[219,0,219,0],[219,1,219,5],[219,7,219,8],[219,9,219,10],[219,13,219,13],[220,0,220,0],[220,1,220,5],[220,7,220,8],[220,9,220,10],[220,13,220,13],[221,0,221,0],[221,1,221,5],[221,7,221,8],[221,9,221,10],[221,13,221,13],[222,0,222,0],[222,1,222,5],[222,7,222,8],[222,9,222,10],[222,13,222,13],[223,0,223,0],[223,1,223,5],[223,7,223,8],[223,9,223,10],[223,13,223,13],[224,0,224,0],[224,1,224,5],[224,7,224,8],[224,9,224,10],[224,13,224,13],[225,0,225,13],[226,0,226,7],[226,8,226,9],[226,10,226,13],[227,0,227,1],[227,2,227,3],[227,5,227,8],[227,9,227,10],[227,13,227,13],[228,0,228,13],[229,0,230,0],[229,1,230,1],[229,2,230,2],[229,3,230,3],[229,4,229,8],[229,9,229,13],[230,7,230,8],[230,9,230,10],[230,13,230,13],[231,7,231,8],[231,9,231,10],[231,13,231,13],[232,7,232,8],[232,9,232,10],[232,13,232,13],[233,0,233,1],[233,2,233,8],[233,9,233,10],[233,13,233,13],[234,0,234,1],[234,2,234,8],[234,9,234,13],[235,0,235,8],[235,9,235,13],[236,0,236,0],[236,1,236,5],[236,7,236,8],[236,9,236,10],[236,13,236,13],[237,0,237,0],[237,1,237,5],[237,7,237,8],[237,9,237,10],[237,13,237,13],[238,0,238,0],[238,1,238,5],[238,7,238,8],[238,9,238,10],[238,13,238,13],[239,0,239,0],[239,1,239,5],[239,7,239,8],[239,9,239,10],[239,13,239,13],[240,0,240,0],[240,1,240,5],[240,7,240,8],[240,9,240,10],[240,13,240,13],[241,0,241,0],[241,1,241,5],[241,7,241,8],[241,9,241,10],[241,13,241,13],[242,0,242,0],[242,1,242,5],[242,7,242,8],[242,9,242,10],[242,13,242,13],[243,0,243,0],[243,1,243,5],[243,7,243,8],[243,9,243,10],[243,13,243,13],[244,0,244,0],[244,1,244,5],[244,7,244,8],[244,9,244,10],[244,13,244,13],[245,0,245,13],[246,0,246,7],[246,8,246,9],[246,10,246,13],[247,0,247,1],[247,2,247,3],[247,5,247,8],[247,9,247,10],[247,13,247,13],[248,0,248,13],[249,0,250,0],[249,1,250,1],[249,2,250,2],[249,3,250,3],[249,4,249,8],[249,9,249,13],[250,7,250,8],[250,9,250,10],[250,13,250,13],[251,7,251,8],[251,9,251,10],[251,13,251,13],[252,0,252,1],[252,2,252,8],[252,9,252,10],[252,13,252,13],[253,0,253,1],[253,2,253,8],[253,9,253,13],[254,0,254,8],[254,9,254,13],[255,0,255,0],[255,1,255,5],[255,7,255,8]],"merged_total":1052,"flags":["merged_cut"]}
["综合单价分析表"]
["工程名称：南村镇雅居乐小学围墙加高改造工程总预算(含其他费用及预备费)",{"$nulls":9},"第 1 页  共 12 页"]
["项目编码",null,"011609001001",null,"项目名称","栏杆拆除",{"$nulls":3},"计量单位",null,"m","工程量",128.44]
["清单综合单价组成明细"]
["定额编号","定额项目名称","定额\n单位","数量","单价",{"$nulls":4},"合价"]
[{"$nulls":4},"人工费","材料费","机具费","管理费\n和利润",null,"人工费",null,"材料费","机具费","管理费\n和利润"]
["A1-19-46","栏杆、栏板拆除 金属","10m",0.1,213.01,null,null,72.57,null,21.3,{"$nulls":3},7.26]
["人工单价",null,"小计",{"$nulls":6},21.3,{"$nulls":3},7.26]
[null,null,"未计价材料费"]
["清单项目综合单价",{"$nulls":8},28.56]
["材\n料\n费\n明\n细","主要材料名称、规格、型号",{"$nulls":4},"单位","数量",null,"单价（元）",null,"合价（元）","暂估单价\n（元）","暂估合价\n（元）"]
{"$rows_empty":11}
["综合单价分析表"]
["工程名称：南村镇雅居乐小学围墙加高改造工程总预算(含其他费用及预备费)",{"$nulls":9},"第 2 页  共 12 页"]
["项目编码",null,"010103002001",null,"项目名称","余方弃置",{"$nulls":3},"计量单位",null,"m3","工程量",2.92]
["清单综合单价组成明细"]
["定额编号","定额项目名称","定额\n单位","数量","单价",{"$nulls":4},"合价"]
[{"$nulls":4},"人工费","材料费","机具费","管理费\n和利润",null,"人工费",null,"材料费","机具费","管理费\n和利润"]
["A1-19-69 换","拆除废料外运 人工装自卸汽车运 3km内 \u007f实际运距(km):15","10m3",0.1,148.26,null,686.75,284.49,null,14.83,null,null,68.68,28.45]
["人工单价",null,"小计",{"$nulls":6},14.83,null,null,68.68,28.45]
[null,null,"未计价材料费"]
["清单项目综合单价",{"$nulls":8},111.95]
["材\n料\n费\n明\n细","主要材料名称、规格、型号",{"$nulls":4},"单位","数量",null,"单价（元）",null,"合价（元）","暂估单价\n（元）","暂估合价\n（元）"]
{"$rows_empty":9}
["综合单价分析表"]
["工程名称：南村镇雅居乐小学围墙加高改造工程总预算(含其他费用及预备费)",{"$nulls":9},"第 3 页  共 12 页"]
["项目编码",null,"011503001004",null,"项目名称","金属扶手、栏杆、栏板",{"$nulls":3},"计量单位",null,"m","工程量",82]
["清单综合单价组成明细"]
["定额编号","定额项目名称","定额\n单位","数量","单价",{"$nulls":4},"合价"]
[{"$nulls":4},"人工费","材料费","机具费","管理费\n和利润",null,"人工费",null,"材料费","机具费","管理费\n和利润"]
["A1-16-106 换","钢栏杆 制安","100m",0.01,3339.26,14654.06,1189.57,1542.98,null,33.39,null,146.54,11.9,15.43]
["A1-15-125 换","机喷防锈漆 防锈漆一遍 \u007f实际防锈漆遍数(遍):2","100m2",0.0118,269.02,516.63,231.36,175.49,null,3.17,null,6.1,2.73,2.07]
["人工单价",null,"小计",{"$nulls":6},36.56,null,152.64,14.63,17.5]
[null,null,"未计价材料费"]
["清单项目综合单价",{"$nulls":8},221.33]
["材\n料\n费\n明\n细","主要材料名称、规格、型号",{"$nulls":4},"单位","数量",null,"单价（元）",null,"合价（元）","暂估单价\n（元）","暂估合价\n（元）"]
[null,"其他材料费",{"$nulls":7},"-",null,152.63,"-"]
[null,"材料费小计",{"$nulls":7},"-",null,152.63,"-"]
{"$rows_empty":9}
["综合单价分析表"]
["工程名称：南村镇雅居乐小学围墙加高改造工程总预算(含其他费用及预备费)",{"$nulls":9},"第 4 页  共 12 页"]
["项目编码",null,"011503001010",null,"项目名称","金属扶手、栏杆、栏板",{"$nulls":3},"计量单位",null,"m","工程量",309]
["清单综合单价组成明细"]
["定额编号","定额项目名称","定额\n单位","数量","单价",{"$nulls":4},"合价"]
[{"$nulls":4},"人工费","材料费","机具费","管理费\n和利润",null,"人工费",null,"材料费","机具费","管理费\n和利润"]
["A1-16-106 换","钢栏杆 制安","100m",0.01,3339.26,10351.22,1189.57,1542.98,null,33.39,null,103.51,11.9,15.43]
["A1-15-125 换","机喷防锈漆 防锈漆一遍 \u007f实际防锈漆遍数(遍):2","100m2",0.0115,269.02,516.63,231.36,175.49,null,3.09,null,5.94,2.66,2.02]
["人工单价",null,"小计",{"$nulls":6},36.48,null,109.45,14.56,17.45]
[null,null,"未计价材料费"]
["清单项目综合单价",{"$nulls":8},177.94]
["材\n料\n费\n明\n细","主要材料名称、规格、型号",{"$nulls":4},"单位","数量",null,"单价（元）",null,"合价（元）","暂估单价\n（元）","暂估合价\n（元）"]
[null,"其他材料费",{"$nulls":7},"-",null,109.45,"-"]
[null,"材料费小计",{"$nulls":7},"-",null,109.45,"-"]
{"$rows_empty":9}
["综合单价分析表"]
["工程名称：南村镇雅居乐小学围墙加高改造工程总预算(含其他费用及预备费)",{"$nulls":9},"第 5 页  共 12 页"]
["项目编码",null,"011503001005",null,"项目名称","金属扶手、栏杆、栏板",{"$nulls":3},"计量单位",null,"m","工程量",65.6]
["清单综合单价组成明细"]
["定额编号","定额项目名称","定额\n单位","数量","单价",{"$nulls":4},"合价"]
[{"$nulls":4},"人工费","材料费","机具费","管理费\n和利润",null,"人工费",null,"材料费","机具费","管理费\n和利润"]
["A1-16-106 换","钢栏杆 制安(圆钢、镀锌钢管）","100m",0.01,3339.26,13856.18,1189.57,1542.98,null,33.39,null,138.56,11.9,15.43]
["A1-15-125 换","机喷防锈漆 防锈漆一遍 \u007f实际防锈漆遍数(遍):2","100m2",0.0105,269.02,516.63,231.36,175.49,null,2.82,null,5.42,2.43,1.84]
["人工单价",null,"小计",{"$nulls":6},36.21,null,143.98,14.33,17.27]
[null,null,"未计价材料费"]
["清单项目综合单价",{"$nulls":8},211.8]
["材\n料\n费\n明\n细","主要材料名称、规格、型号",{"$nulls":4},"单位","数量",null,"单价（元）",null,"合价（元）","暂估单价\n（元）","暂估合价\n（元）"]
[null,"其他材料费",{"$nulls":7},"-",null,143.99,"-"]
[null,"材料费小计",{"$nulls":7},"-",null,143.99,"-"]
{"$rows_empty":9}
["综合单价分析表"]
["工程名称：南村镇雅居乐小学围墙加高改造工程总预算(含其他费用及预备费)",{"$nulls":9},"第 6 页  共 12 页"]
["项目编码",null,"011503001006",null,"项目名称","金属扶手、栏杆、栏板",{"$nulls":3},"计量单位",null,"m","工程量",31.8]
["清单综合单价组成明细"]
["定额编号","定额项目名称","定额\n单位","数量","单价",{"$nulls":4},"合价"]
[{"$nulls":4},"人工费","材料费","机具费","管理费\n和利润",null,"人工费",null,"材料费","机具费","管理费\n和利润"]
["A1-16-106 换","钢栏杆 制安(圆钢、镀锌钢管）","100m",0.01,3339.26,10536.08,1189.57,1542.98,null,33.39,null,105.36,11.9,15.43]
["A1-15-125 换","机喷防锈漆 防锈漆一遍 \u007f实际防锈漆遍数(遍):2","100m2",0.0119,269.02,516.63,231.36,175.49,null,3.2,null,6.15,2.75,2.09]
["人工单价",null,"小计",{"$nulls":6},36.59,null,111.51,14.65,17.52]
[null,null,"未计价材料费"]
["清单项目综合单价",{"$nulls":8},180.27]
["材\n料\n费\n明\n细","主要材料名称、规格、型号",{"$nulls":4},"单位","数量",null,"单价（元）",null,"合价（元）","暂估单价\n（元）","暂估合价\n（元）"]
[null,"其他材料费",{"$nulls":7},"-",null,111.5,"-"]
[null,"材料费小计",{"$nulls":7},"-",null,111.5,"-"]
{"$rows_empty":9}
["综合单价分析表"]
["工程名称：南村镇雅居乐小学围墙加高改造工程总预算(含其他费用及预备费)",{"$nulls":9},"第 7 页  共 12 页"]
["项目编码",null,"011503001011",null,"项目名称","金属扶手、栏杆、栏板",{"$nulls":3},"计量单位",null,"m","工程量",175]
["清单综合单价组成明细"]
["定额编号","定额项目名称","定额\n单位","数量","单价",{"$nulls":4},"合价"]
[{"$nulls":4},"人工费","材料费","机具费","管理费\n和利润",null,"人工费",null,"材料费","机具费","管理费\n和利润"]
["A1-16-106 换","钢栏杆 制安","100m",0.01,3339.26,10351.22,1189.57,1542.98,null,33.39,null,103.51,11.9,15.43]
["A1-15-125 换","机喷防锈漆 防锈漆一遍 \u007f实际防锈漆遍数(遍):2","100m2",0.0115,269.02,516.63,231.36,175.49,null,3.09,null,5.94,2.66,2.02]
["人工单价",null,"小计",{"$nulls":6},36.48,null,109.45,14.56,17.45]
[null,null,"未计价材料费"]
["清单项目综合单价",{"$nulls":8},177.94]
["材\n料\n费\n明\n细","主要材料名称、规格、型号",{"$nulls":4},"单位","数量",null,"单价（元）",null,"合价（元）","暂估单价\n（元）","暂估合价\n（元）"]
[null,"其他材料费",{"$nulls":7},"-",null,109.45,"-"]
[null,"材料费小计",{"$nulls":7},"-",null,109.45,"-"]
{"$rows_empty":9}
["综合单价分析表"]
["工程名称：南村镇雅居乐小学围墙加高改造工程总预算(含其他费用及预备费)",{"$nulls":9},"第 8 页  共 12 页"]
["项目编码",null,"011507001001",null,"项目名称","金属装饰构件",{"$nulls":3},"计量单位",null,"个","工程量",5]
["清单综合单价组成明细"]
["定额编号","定额项目名称","定额\n单位","数量","单价",{"$nulls":4},"合价"]
[{"$nulls":4},"人工费","材料费","机具费","管理费\n和利润",null,"人工费",null,"材料费","机具费","管理费\n和利润"]
["A1-13-340","钢骨架","t",0.0048,2142.84,7795.91,1254.91,1206.2,null,10.33,null,37.58,6.05,5.81]
["A1-13-241","饰面层 铝合金装饰扣板","100m2",0.0249,1159.66,6033.42,null,411.68,null,28.82,null,149.93,null,10.23]
["A1-16-34","金属饰线(直线) 玻璃胶粘贴 宽度30mm以内","100m",0.1008,269.99,3472.46,null,91.99,null,27.21,null,350.02,null,9.27]
["A1-15-117","金属面 喷氟碳面漆一遍  \u007f","100m2",0.0121,208.83,4379.39,166.54,131.64,null,2.53,null,52.97,2.01,1.59]
["人工单价",null,"小计",{"$nulls":6},68.89,null,590.5,8.06,26.9]
[null,null,"未计价材料费"]
["清单项目综合单价",{"$nulls":8},694.36]
["材\n料\n费\n明\n细","主要材料名称、规格、型号",{"$nulls":4},"单位","数量",null,"单价（元）",null,"合价（元）","暂估单价\n（元）","暂估合价\n（元）"]
[null,"其他材料费",{"$nulls":7},"-",null,590.45,"-"]
[null,"材料费小计",{"$nulls":7},"-",null,590.45,"-"]
[]
[]
[]
[]
[]
["综合单价分析表"]
["工程名称：南村镇雅居乐小学围墙加高改造工程总预算(含其他费用及预备费)",{"$nulls":9},"第 9 页  共 12 页"]
["项目编码",null,"040901008001",null,"项目名称","植筋",{"$nulls":3},"计量单位",null,"根","工程量",280]
["清单综合单价组成明细"]
["定额编号","定额项目名称","定额\n单位","数量","单价",{"$nulls":4},"合价"]
[{"$nulls":4},"人工费","材料费","机具费","管理费\n和利润",null,"人工费",null,"材料费","机具费","管理费\n和利润"]
["A1-5-160","植筋 钢筋直径(mm) 25","10根",0.1,292.06,17.55,null,142.38,null,29.21,null,1.76,null,14.24]
["人工单价",null,"小计",{"$nulls":6},29.21,null,1.76,null,14.24]
[null,null,"未计价材料费"]
["清单项目综合单价",{"$nulls":8},45.2]
["材\n料\n费\n明\n细","主要材料名称、规格、型号",{"$nulls":4},"单位","数量",null,"单价（元）",null,"合价（元）","暂估单价\n（元）","暂估合价\n（元）"]
[null,"其他材料费",{"$nulls":7},"-",null,1.76,"-"]
[null,"材料费小计",{"$nulls":7},"-",null,1.76,"-"]
{"$rows_empty":11}
["综合单价分析表"]
["工程名称：南村镇雅居乐小学围墙加高改造工程总预算(含其他费用及预备费)",{"$nulls":9},"第 10 页  共 12 页"]
["项目编码",null,"010802001001",null,"项目名称","金属(塑钢)门",{"$nulls":3},"计量单位",null,"m2","工程量",9.28]
["清单综合单价组成明细"]
["定额编号","定额项目名称","定额\n单位","数量","单价",{"$nulls":4},"合价"]
[{"$nulls":4},"人工费","材料费","机具费","管理费\n和利润",null,"人工费",null,"材料费","机具费","管理费\n和利润"]
["补子目1","不锈钢管为304不锈钢管，外喷灰色氟碳漆","m2",1,null,550,{"$nulls":5},550]
["人工单价",null,"小计",{"$nulls":8},550]
[null,null,"未计价材料费"]
["清单项目综合单价",{"$nulls":8},550]
["材\n料\n费\n明\n细","主要材料名称、规格、型号",{"$nulls":4},"单位","数量",null,"单价（元）",null,"合价（元）","暂估单价\n（元）","暂估合价\n（元）"]
[null,"其他材料费",{"$nulls":7},"-",null,550,"-"]
[null,"材料费小计",{"$nulls":7},"-",null,550,"-"]
{"$rows_empty":10}
["综合单价分析表"]
["工程名称：南村镇雅居乐小学围墙加高改造工程总预算(含其他费用及预备费)",{"$nulls":9},"第 11 页  共 12 页"]
["项目编码",null,"011610002001",null,"项目名称","金属门窗拆除",{"$nulls":3},"计量单位",null,"m2","工程量",9.28]
["清单综合单价组成明细"]
["定额编号","定额项目名称","定额\n单位","数量","单价",{"$nulls":4},"合价"]
[{"$nulls":4},"人工费","材料费","机具费","管理费\n和利润",null,"人工费",null,"材料费","机具费","管理费\n和利润"]
["A1-19-53","门窗拆除(整樘) 金属","10樘",0.0216,424.57,null,null,144.65,null,9.15,{"$nulls":3},3.12]
["A1-19-69 换","拆除废料外运 人工装自卸汽车运 3km内 \u007f实际运距(km):15","10m3",0.005,148.26,null,686.71,284.47,null,0.74,null,null,3.43,1.42]
["人工单价",null,"小计",{"$nulls":6},9.89,null,null,3.43,4.54]
[null,null,"未计价材料费"]
["清单项目综合单价",{"$nulls":8},17.86]
["材\n料\n费\n明\n细","主要材料名称、规格、型号",{"$nulls":4},"单位","数量",null,"单价（元）",null,"合价（元）","暂估单价\n（元）","暂估合价\n（元）"]
{"$rows_empty":8}
["综合单价分析表"]
["工程名称：南村镇雅居乐小学围墙加高改造工程总预算(含其他费用及预备费)",{"$nulls":9},"第 12 页  共 12 页"]
["项目编码",null,"粤011701012001",null,"项目名称","活动脚手架",{"$nulls":3},"计量单位",null,"m2","工程量",1545.33]
["清单综合单价组成明细"]
["定额编号","定额项目名称","定额\n单位","数量","单价",{"$nulls":4},"合价"]
[{"$nulls":4},"人工费","材料费","机具费","管理费\n和利润",null,"人工费",null,"材料费","机具费","管理费\n和利润"]
["A1-21-136","墙柱面活动脚手架","100m2",0.01,159.51,null,null,56.5,null,1.6,{"$nulls":3},0.57]
["人工单价",null,"小计",{"$nulls":6},1.6,{"$nulls":3},0.57]
[null,null,"未计价材料费"]
["清单项目综合单价",{"$nulls":8},2.16]
["材\n料\n费\n明\n细","主要材料名称、规格、型号",{"$nulls":4},"单位","数量",null,"单价（元）",null,"合价（元）","暂估单价\n（元）","暂估合价\n（元）"]

{"sheet":"表-11 总价措施项目清单与计价表","index":3,"n_rows":18,"n_cols":11,"rows_kept":18,"merged":[[0,0,0,10],[1,0,1,7],[1,8,1,10],[2,5,2,6],[2,7,2,8],[3,5,3,6],[3,7,3,8],[4,5,4,6],[4,7,4,8],[5,5,5,6],[5,7,5,8],[6,5,6,6],[6,7,6,8],[7,5,7,6],[7,7,7,8],[8,5,8,6],[8,7,8,8],[9,5,9,6],[9,7,9,8],[10,5,10,6],[10,7,10,8],[11,5,11,6],[11,7,11,8],[12,5,12,6],[12,7,12,8],[13,5,13,6],[13,7,13,8],[14,5,14,6],[14,7,14,8],[15,5,15,6],[15,7,15,8],[16,5,16,6],[16,7,16,8],[17,0,17,4],[17,5,17,6],[17,7,17,8],[18,0,18,5],[18,6,18,10]]}
["总价措施项目清单与计价表"]
["工程名称：南村镇雅居乐小学围墙加高改造工程总预算(含其他费用及预备费)",{"$nulls":7},"第 1 页  共 1 页"]
["序号","项目编码","项目名称","计算基础","费率\n(%)","金额\n(元)",null,"调整\n费率(%)",null,"调整后\n金额(元)","备注"]
["1","LSSGCSF00001","绿色施工安全防护措施费","分部分项人工费+分部分项机具费","13",5916.73,{"$nulls":4},"以分部分项的人工费与施工机具费之和为计算基础，费率19%"]
["2","WMGDZJF00001","文明工地增加费","分部分项人工费+分部分项机具费","0",{"$nulls":5},"以分部分项的人工费与施工机具费之和为计算基础，市级文明工地为1.20%；省级文明工地为2.10%"]
["3","011707002001","夜间施工增加费",null,"20",{"$nulls":5},"以夜间施工项目人工费的20%计算"]
["4","GGCSF0000001","赶工措施费","分部分项人工费+分部分项机具费","0",{"$nulls":5},"赶工措施费=（1-δ）*分部分项的（人工费+施工机具费）*0.3 （0.8≤δ＜1   式中：δ=合同工期/定额工期）"]
["5","QTFY00000001","其他费用",{"$nulls":7},"按经批准的专项施工组织方案计算"]
{"$rows_empty":9}
["合    计",{"$nulls":4},5916.73]

{"sheet":"表-12 其他项目清单与计价汇总表","index":4,"n_rows":38,"n_cols":7,"rows_kept":38,"merged":[[0,0,0,4],[0,5,0,6],[1,0,1,6],[2,0,2,4],[2,5,2,6],[3,2,3,3],[3,4,3,5],[4,2,4,3],[4,4,4,5],[5,2,5,3],[5,4,5,5],[6,2,6,3],[6,4,6,5],[7,2,7,3],[7,4,7,5],[8,2,8,3],[8,4,8,5],[9,2,9,3],[9,4,9,5],[10,2,10,3],[10,4,10,5],[11,2,11,3],[11,4,11,5],[12,2,12,3],[12,4,12,5],[13,2,13,3],[13,4,13,5],[14,2,14,3],[14,4,14,5],[15,2,15,3],[15,4,15,5],[16,2,16,3],[16,4,16,5],[17,2,17,3],[17,4,17,5],[18,2,18,3],[18,4,18,5],[19,2,19,3],[19,4,19,5],[20,2,20,3],[20,4,20,5],[21,2,21,3],[21,4,21,5],[22,2,22,3],[22,4,22,5],[23,2,23,3],[23,4,23,5],[24,2,24,3],[24,4,24,5],[25,2,25,3],[25,4,25,5],[26,2,26,3],[26,4,26,5],[27,2,27,3],[27,4,27,5],[28,2,28,3],[28,4,28,5],[29,2,29,3],[29,4,29,5],[30,2,30,3],[30,4,30,5],[31,2,31,3],[31,4,31,5],[32,2,32,3],[32,4,32,5],[33,2,33,3],[33,4,33,5],[34,2,34,3],[34,4,34,5],[35,2,35,3],[35,4,35,5],[36,2,36,3],[36,4,36,5],[37,2,37,3],[37,4,37,5]]}
[]
["其他项目清单与计价汇总表"]
["工程名称：南村镇雅居乐小学围墙加高改造工程总预算(含其他费用及预备费)",{"$nulls":4},"第 1 页  共 1 页"]
["序号","项目名称","金额（元）",null,"结算金额（元）",null,"备注"]
["1","暂列金额",{"$nulls":4},"明细详见表-12-1"]
["2","暂估价"]
["2.1","材料暂估价","—",{"$nulls":3},"明细详见表-12-2"]
["2.2","专业工程暂估价",{"$nulls":4},"明细详见表-12-3"]
["3","计日工",{"$nulls":4},"明细详见表-12-4"]
["4","总承包服务费",{"$nulls":4},"明细详见表-12-5"]
["5","预算包干费","3185.93"]
["6","工程优质费"]
["7","概算幅度差"]
["8","现场签证费用"]
["9","索赔费用"]
["10","其他费用"]
{"$rows_empty":21}
[null,"合  计","3185.93",{"$nulls":3},"—"]

{"sheet":"表-13 规费、税金项目清单与计价表","index":5,"n_rows":36,"n_cols":8,"rows_kept":36,"merged":[[0,0,0,7],[1,0,1,5],[1,6,1,7],[2,2,2,3],[2,5,2,6],[3,2,3,3],[3,5,3,6],[4,2,4,3],[4,5,4,6],[5,2,5,3],[5,5,5,6],[6,2,6,3],[6,5,6,6],[7,2,7,3],[7,5,7,6],[8,2,8,3],[8,5,8,6],[9,2,9,3],[9,5,9,6],[10,2,10,3],[10,5,10,6],[11,2,11,3],[11,5,11,6],[12,2,12,3],[12,5,12,6],[13,2,13,3],[13,5,13,6],[14,2,14,3],[14,5,14,6],[15,2,15,3],[15,5,15,6],[16,2,16,3],[16,5,16,6],[17,2,17,3],[17,5,17,6],[18,2,18,3],[18,5,18,6],[19,2,19,3],[19,5,19,6],[20,2,20,3],[20,5,20,6],[21,2,21,3],[21,5,21,6],[22,2,22,3],[22,5,22,6],[23,2,23,3],[23,5,23,6],[24,2,24,3],[24,5,24,6],[25,2,25,3],[25,5,25,6],[26,2,26,3],[26,5,26,6],[27,2,27,3],[27,5,27,6],[28,2,28,3],[28,5,28,6],[29,2,29,3],[29,5,29,6],[30,2,30,3],[30,5,30,6],[31,2,31,3],[31,5,31,6],[32,2,32,3],[32,5,32,6],[33,2,33,3],[33,5,33,6],[34,2,34,3],[34,5,34,6],[35,0,35,6],[36,0,36,2],[36,3,36,7]]}
["规费、税金项目清单与计价表"]
["工程名称：南村镇雅居乐小学围墙加高改造工程总预算(含其他费用及预备费)",{"$nulls":5},"第 1 页  共 1 页"]
["序号","项目名称","计算基础",null,"计算基数","计算费率\n(%)",null,"金额(元)"]
["1","增值税销项税额","分部分项合计+措施合计+其他项目",null,161731.94,"9",null,14555.87]
{"$rows_empty":31}
["合    计",{"$nulls":6},14555.87]